[Event "IECG CF.2005.0.00069 email"]
[Site "IECG email"]
[Date "2005.03.16"]
[Round "?"]
[White "Metz, Patrick"]
[Black "Algera, Elton"]
[Result "0-1"]
[WhiteElo "1000"]
[BlackElo "1100"]
[PlyCount "36"]
[EventDate "2005.03.16"]
[EventType "tourn (corr)"]
[EventRounds "6"]
[SourceTitle "Corr 2008"]
[Source "ChessBase"]
[SourceDate "2008.06.24"]
[SourceVersion "1"]
[SourceVersionDate "2008.06.24"]
[SourceQuality "1"]

1. e4 e5 2. Nc3 Nc6 3. Nf3 d6 4. d4 Bg4 5. d5 Nd4 6. Bg5 Bxf3 7. Qxd4 exd4 8. Bxd8 dxc3 9. gxf3 cxb2 10. Rb1 Kxd8 11. Rxb2 b6 12. f4 Nf6 13. e5 Nh5 14. exd6 Nxf4 15. dxc7+ Kxc7 16. c4 Bc5 17. Rg1 Rae8+ 18. Be2 Nd3+ 0-1